| 000 | 00805 a2200253 4500 | ||
|---|---|---|---|
| 001 | 200129658 | ||
| 999 |
_c200129658 _d31382 |
||
| 003 | TR-AnTOB | ||
| 005 | 20240115100051.0 | ||
| 040 | _aTR-AnTOB | ||
| 041 | _atur | ||
| 050 | 0 | 0 |
_aHD9705.T92 _bM35 2012 |
| 090 | _aHD9705.T92 M35 2012 | ||
| 245 | 0 | 0 | _aMakine hikayeleri. |
| 246 | 3 | 4 | _aTürkiye makine tarihine iz bırakanlar. |
| 264 | 1 |
_aİstanbul : _bMakine ve Aksamları İhracatçıları Birliği, _c2012. |
|
| 300 |
_a179 p . : _bres. ; _c23 cm. |
||
| 650 | 0 |
_aMachinery _zTurkey _xHistory _990212 |
|
| 650 | 0 |
_aMakine _zTürkiye _xTarih _990213 |
|
| 650 | 0 |
_aMakine endüstrisi _zTürkiye _990211 |
|
| 650 | 0 |
_aMachinery industry _zTurkey _990210 |
|
| 710 | 2 |
_aOrta Anadolu Makine ve Aksamları İhracatçıları Birliği _990209 |
|
| 942 | _cBK | ||